Amigos imaginarios : quiénes son? ¿quiénes lo necesitan? (Record no. 62321)

MARC details
000 -CABECERA
campo de control de longitud fija 00481nam a2200169 a 4500
005 - FECHA Y HORA DE LA ÚLTIMA TRANSACCIÓN
campo de control 20210219152848.0
008 - ELEMENTOS DE LONGITUD FIJA--INFORMACIÓN GENERAL
campo de control de longitud fija 991125n 000 0 spa u
035 ## - NÚMERO DE CONTROL DEL SISTEMA
Número de control de sistema UPN01000063878
100 ## - ASIENTO PRINCIPAL--NOMBRE PERSONAL
Nombre de persona BETTERTON, Emily
222 ## - TÍTULO CLAVE
Título clave REVISTA MEXICANA DE PEDAGOGIA
245 ## - MENCIÓN DE TÍTULO
Título Amigos imaginarios : quiénes son? ¿quiénes lo necesitan?
300 ## - DESCRIPCIÓN FÍSICA
Extensión 32-34
362 ## - FECHAS DE PUBLICACIÓN Y/O DESIGNACIÓN SECUENCIAL
Fecha de publicación y/o designación secuencial 1996 Año 7, no. 30, (jul.-ago.)
653 0# - TERMINO DE INDIZACION - NO CONTROLADO
Término no controlado Amigos imaginarios
904 ## - ELEMENTOS DE DATOS D LOCAL, LDD (RLIN)
a AC
b 001689
905 ## - TIPO DE MATERIAL
Tipo de material Articulo

No items available.